| 000 | 00391cam a2200157ua 4500 | ||
|---|---|---|---|
| 041 |
_aeng _h |
||
| 082 |
_a575.1 _bHAL/BI |
||
| 100 | _aHaldane, J B S . | ||
| 245 |
_aBiochemistry of genetics / _cJ B S Haldane. _hTextual Documents |
||
| 250 |
_a1 / _b. |
||
| 260 |
_aNew York : _bMcMillan and company , _c1960. |
||
| 300 | _a144 ; . | ||
| 504 | _a | ||
| 942 | _cBK | ||
| 999 |
_c10856 _d10856 |
||